000 01183nam a22001937a 4500
005 20240108094527.0
008 240108b ||||| |||| 00| 0 eng d
020 _a9780314062604
040 _cAL
041 _aeng
082 _223
_a550
_bSCOI
100 _aRalph C Scott
_9147554
245 _aIntroduction to physical geography
260 _aNew York
_bWest Publishing Company
_c1996
300 _axv,560p.
_bPB
_c27.5x21.8cm.
520 _aWriting in clear prose, Ralph Scott offers a complete introduction to physical geography in a concise paperback. It contains well-balanced, well-illustrated coverage of the major themes of physical geography: the characteristics, interdependence, and global distribution of the earth's major physical features (weather and climate, natural vegetation, soils, and landforms). The process-oriented approach, with an emphasis on systems, shows how the Earth is a single, functioning entity. An emphasis on North America characterizes this edition. Biogeography, particularly ecosystems and food chains, is covered in detail in two chapters.
650 _2Earth sciences and geology
_aEarth sciences and geology
_9147555
942 _2ddc
_cBK
999 _c229582
_d229582